000 00726nam a2200265Ia 4500
005 20260121172753.0
008 008 260114s9999 xx 000 0 eng d
020 _a9789811619410
037 _aEBOOK
040 _aCRL
040 _beng
040 _cCRL
041 _2eng
041 _aeng
084 _qCRL
100 _aS. Jyothi, D. M. Mamatha, Yu-Dong Zhang, K. Srujan Raju
_91092529
245 0 _aProceedings of the 2nd International Conference on Computational and Bio Engineering
260 _bSpringer
260 _bSpringer
260 _c2021
856 _uhttps://link.springer.com/openurl?genre=book&isbn=978-981-16-1941-0
942 _cEBOOK
999 _c1658269
_d1658269